| 000 -LEADER |
| fixed length control field |
01563cam a2200385 a 4500 |
| 001 - CONTROL NUMBER |
| control field |
15790130 |
| 003 - CONTROL NUMBER IDENTIFIER |
| control field |
OSt |
| 005 - DATE AND TIME OF LATEST TRANSACTION |
| control field |
20230818105542.0 |
| 008 - FIXED-LENGTH DATA ELEMENTS--GENERAL INFORMATION |
| fixed length control field |
090624s2008 enka 000 1 eng d |
| 010 ## - LIBRARY OF CONGRESS CONTROL NUMBER |
| LC control number |
2009291694 |
| 020 ## - INTERNATIONAL STANDARD BOOK NUMBER |
| International Standard Book Number |
9780194791397 (pbk.) |
| 020 ## - INTERNATIONAL STANDARD BOOK NUMBER |
| International Standard Book Number |
0194791394 (pbk.) |
| 035 ## - SYSTEM CONTROL NUMBER |
| System control number |
(OCoLC)ocn231836542 |
| 040 ## - CATALOGING SOURCE |
| Original cataloging agency |
Nz |
| Transcribing agency |
Z5A |
| Modifying agency |
YDXCP |
| -- |
BTCTA |
| -- |
DLC |
| -- |
KH8 |
| 042 ## - AUTHENTICATION CODE |
| Authentication code |
lccopycat |
| 043 ## - GEOGRAPHIC AREA CODE |
| Geographic area code |
u-nz--- |
| 082 04 - DEWEY DECIMAL CLASSIFICATION NUMBER |
| Classification number |
428.6 CHR |
| Edition number |
22 |
| 100 1# - MAIN ENTRY--PERSONAL NAME |
| Personal name |
Lindop, Christine, |
| Relator term |
author. |
| 245 14 - TITLE STATEMENT |
| Title |
The long white cloud : |
| Remainder of title |
stories from New Zealand / |
| Statement of responsibility, etc. |
retold by Christine Lindop ; illustrated by Chris King. |
| 246 30 - VARYING FORM OF TITLE |
| Title proper/short title |
Stories of New Zealand |
| 260 ## - PUBLICATION, DISTRIBUTION, ETC. |
| Place of publication, distribution, etc. |
Oxford ; |
| -- |
New York : |
| Name of publisher, distributor, etc. |
Oxford University Press, |
| Date of publication, distribution, etc. |
c2008. |
| 300 ## - PHYSICAL DESCRIPTION |
| Extent |
71p. : |
| Other physical details |
ill. ; |
| Dimensions |
20 cm. |
| 490 0# - SERIES STATEMENT |
| Series statement |
Oxford Bookworms Library ; Stage 3, World stories |
| 500 ## - GENERAL NOTE |
| General note |
"First published in Oxford Bookworms, 2008"--T.p. verso. |
| 505 0# - FORMATTED CONTENTS NOTE |
| Formatted contents note |
After the earthquake / James Courage -- Gathering of the Whakapapa / Witi Ihimaera -- A kind of longing / Philip Mincher -- The silk / Joy Cowley. |
| 650 #0 - SUBJECT ADDED ENTRY--TOPICAL TERM |
| Topical term or geographic name entry element |
Readers (Adult) |
| 650 #0 - SUBJECT ADDED ENTRY--TOPICAL TERM |
| Topical term or geographic name entry element |
English language |
| Form subdivision |
Textbooks for foreign speakers. |
| 650 #0 - SUBJECT ADDED ENTRY--TOPICAL TERM |
| Topical term or geographic name entry element |
Reading comprehension |
| Form subdivision |
Problems, exercises, etc. |
| 650 #0 - SUBJECT ADDED ENTRY--TOPICAL TERM |
| Topical term or geographic name entry element |
Short stories, New Zealand. |
| 655 #7 - INDEX TERM--GENRE/FORM |
| Genre/form data or focus term |
Adventure fiction. |
| Source of term |
gsafd |
| 700 1# - ADDED ENTRY--PERSONAL NAME |
| Personal name |
King, Chris |
| Titles and other words associated with a name |
(Illustrator) |
| 906 ## - LOCAL DATA ELEMENT F, LDF (RLIN) |
| a |
7 |
| b |
cbc |
| c |
copycat |
| d |
2 |
| e |
ncip |
| f |
20 |
| g |
y-gencatlg |
| 942 ## - ADDED ENTRY ELEMENTS (KOHA) |
| Source of classification or shelving scheme |
|
| Koha item type |
Teaching Resources |